| 000 | 01019nas a2200277 4500 | ||
|---|---|---|---|
| 001 | BR8400898 | ||
| 003 | BR-BrBNA | ||
| 005 | 20231205085811.0 | ||
| 007 | ta | ||
| 008 | 230509b bl.|||p| |||| 00| 00por d | ||
| 040 |
_aBR-BrBNA _bpor _cBiblioteca Nacional de Agricultura |
||
| 041 | _a(Pt) | ||
| 072 | _aH10 | ||
| 100 | 1 | _aNovaretti, W.R.T. | |
| 100 | 1 | _aNelli, E.J. | |
| 100 | 1 | _aCarderan, J.O. | |
| 245 | 1 | _aControle quimico do Migdolus na cultura da cana-de-acucar: cana de ano e meio [inseto prejudicial, coleoptero, inseticida, Saccharum spp, Brasil] | |
| 246 | 1 | _aChemical control of Migdolus on sugarcane crop: one year and a half old cane [noxious insect, coleopteran, Saccharum spp, insecticide, Brazil] | |
| 650 | _aCANA DE ACUCAR | ||
| 650 | _aCOLEOPTERO | ||
| 650 | _aINSETICIDA | ||
| 650 | _aCONTROLE QUIMICO | ||
| 773 | 0 |
_tBoletim Tecnico COPERSUCAR (Brazil) _xISSN 0100-2996 _g(Nov 1983), (no. 24) p. 33-39 _wBR8400898 |
|
| 909 |
_a202311 _bLúcia _c55 _dLúcia Elande |
||
| 942 |
_2AGRIS _n0 _cANA |
||
| 999 |
_c113909 _d113909 |
||